000 00978nam a22003017a 4500
003 CHAP
005 20220329140308.0
008 971013s1983 r 00010 d
010 _a49915
011 _a50887
035 _a55037
040 _cCHAP
090 _aFolleto 8583
100 0 0 _aRodríguez, Antonio E.
_998980
245 _aLogros y aportaciones de la investigación agrícola en fitopatología
260 _aMéxico, D. F. :
_bINIA,
_c1983
300 _a17 p.
590 _aBATCH-UPD
_b10
_c20130110
_lUCH01
_h0314
590 _aBATCH-UPD
_b10
_c20130409
_lUCH01
_h2346
590 _aBATCH-UPD
_b10
_c20130914
_lUCH01
_h1414
590 _aCONVERSION
_b10
_c20130109
_lUCH01
_h1327
650 1 4 _aFitopatología
_xInvestigación.
_941171
901 _aBK
942 _cFOLL
949 _aFolleto 8583
_bBC
_cFOLL
_d-121041
_eTS1
_i55037
_si
949 _aFolleto 8583
_bBC
_cFOLL
_d-121042
_eTS2
_fc.2
_i55037
_si
949 _aFolleto 8583
_bBC
_cFOLL
_d-121044
_eTS2
_fc.3
_i55037
_si
999 _c49915
_d49915